000
00334nam a2200145Ia 4500
003
OSt
005
20231220064612.0
008
170524s9999 xx 000 0 und d
022
_2
9788184110951
040
_c
IIMT UNIVERSITY
100
_a
DASH- AJAY
245
0
_a
JOURNALISTIC WRITING
260
_b
N DELHI SONALI
942
_2
ddc
_c
01
999
_c
9318
_d
9318